Geographie A-Z #3 - Statistiken

Allgemein
  • Dieses Quiz wurde 10.609 mal gespielt
  • Das Durchschnittsergebnis liegt bei 15 aus 26
Antwortstatistiken
Hinweis Antwort % Korrekt
B Hauptstadt von Katalonien Barcelona
90%
Z Größte Schweizer Stadt Zürich
90%
G Kugelförmiges Modell der Erde Globus
88%
I Früher als 'Persien' bekannt Iran
86%
O Atmosphärische Schicht Ozon
81%
K Hauptstadt Afghanistans Kabul
80%
M Geschmolzenes Gestein Magma
80%
V Liechtensteinische Hauptstadt Vaduz
80%
F Hauptstadt der Toskana Florenz
79%
N Nation mit einer fünfeckigen Flagge Nepal
76%
W Niagara oder Iguazú, z.B. Wasserfall
75%
A Größte Stadt in Neuseeland Auckland
73%
U Stadtbezogen, Gegenteil von rural Urban
72%
Q Ontarios östlicher Nachbar Québec
67%
C Größte Stadt in Marokko Casablanca
64%
L Ort des Völkerschlachtsdenkmals Leipzig
50%
T Flacher, kleiner Weiher Tümpel
43%
S Waikiki oder Bondi, z.B. Strand
40%
X Fremdenfeindlichkeit Xenophobie
38%
H Gastgeberstadt der Sommerspiele 1952 Helsinki
37%
J Fluss der Drei-Schluchten-Talsperre Jangtze
34%
D Höchster Berg Nordamerikas Denali
28%
Y Hauptstadt der Elfenbeinküste Yamoussoukro
26%
E Französischer Spa-Ort am Genfersee Évian
16%
R Seine Hauptstadt war Salisbury Rhodesien
13%
P Primäre Sprache von K Paschtun
12%
Keine übereinstimmenden Quizze gefunden
Verteilung der Resultate
Anzahl Personen mit jedem Resultat
Perzentil nach korrekt beantworteten Fragen
Ihre Resultats-Entwicklung
Sie haben dieses Quiz noch nicht gespielt